Statistics for Winningest NFL Teams of the Super Bowl Era

Click here to take the quiz!

General Stats

  • This quiz has been taken 355 times
  • The average score is 7 of 10

Answer Stats

Winning pctTeam% Correct
.545New England Patriots
97%
.607Pittsburg Steelers
91%
.589Dallas Cowboys
89%
.568San Francisco 49ers
80%
.570Denver Broncos
76%
.590Miami Dolphins
72%
.546Oakland Raiders
66%
.561Baltimore Ravens
64%
.542Washington Redskins
57%
.557Minnesota Vikings
56%

Score Distribution

Percentile by Number Answered

Percent of People with Each Score

Your Score History

You have not taken this quiz